| 000 | 00350nam a22001337a 4500 | ||
|---|---|---|---|
| 082 |
_a616.8524 _bFRE _cL-29, P-56 |
||
| 100 |
_aFreud, Sigmnud _940262 |
||
| 245 | _aStudies on hysteria/ | ||
| 260 |
_aNew York: _bPelican Book, _cc1974 |
||
| 300 |
_a425 p.; _c19cm |
||
| 526 |
_a0 _b0 _c0 _d616_852400000000000_FRE |
||
| 650 |
_aMCE _9379 |
||
| 942 |
_2ddc _cBK |
||
| 999 |
_c544597 _d544597 |
||